Geography Quiz

Random Geography or City Quiz

Top 200 World--S Cities Quiz Stats

 Plays Quiz not verified by Sporcle

Challenge
Share
Tweet
Embed
Score 0/200 Timer 20:00
0 Plays Today
POPULA. CITY % Correct
20,217,748Shanghai
96.2%
852,469San Francisco
93.9%
1,381,069San Diego
93.2%
1,388,100San José
92.4%
1,015,785San Jose
92.4%
11,860,240São Paulo
91.9%
4,912,500Santiago
91.4%
550,753Santiago (de los Caballeros)
91.4%
431,272Santiago (de Cuba)
91.4%
359,859Santiago (del Estero)
91.4%
5,191,690Saint Petersburg
91%
253,693St. Petersburg
91%
911,989Stockholm
90.3%
10,369,593Seoul
89.9%
3,908,643Sydney
88.6%
668,342Seattle
85.8%
604,297Stuttgart
85.6%
1,436,697San Antonio
85.5%
696,676Sevilla
84.1%
317,419St. Louis
80.4%
10,358,381Shenzhen
79.2%
5,535,002Singapore
79%
2,581,827Santo Domingo
78.7%
270,875Santo Domingo (de los Colorados)
78.7%
1,952,255Sapporo
78.3%
461, 213San Juan
77.4%
485,199Sacramento
75.7%
2,920,290Salvador
75.2%
518,090Sheffield
74.3%
308,153San Salvador (de Jujuy) (Jujuy)
72.4%
316,090San Salvador
72.4%
297,640St. Paul
71.7%
334,909Santa Ana
71.6%
2,765,487Surabaya
70.1%
1,707,531San'a' (Sanaa)
69.9%
1,228,282Sofia
69.5%
1,171,820Samara
69.3%
5,718,232Shenyang
68.1%
1,442,396Santa Cruz (de la Sierra)
67.1%
369,534Sarajevo
66.9%
4,467,797Surat
66.2%
890,403Salé
65.4%
253,651Southampton
64.6%
274,394Strasbourg
58.2%
302,389Stockton
55.8%
842,097Saratov
55.7%
4,083,823Suzhou (Jiangsu Pr.)
55.4%
742,685Suzhou (Anhui Pr.)
55.4%
262,690Santa Maria
55.4%
829,267Salem
53.8%
490,171Santa Fe
53.6%
389,946Sochi
52.8%
1,073,893São Luís
51.7%
1,460,665Shiraz
50.4%
500,400Skopje
49.6%
3,644,017Shantou
49%
368,601Sevastopol
47.8%
294,310San Pedro
47.6%
284,670Santa Rosa
44.8%
1,073,242Sendai
44%
407,180Szczecin
42.9%
433,640Santos
42.3%
361,200Samarkand (Samarqand)
41.9%
330,049Smolensk
41.1%
238,798Sucre
40.9%
2,770,344Shijiazhuang
40.6%
485,342Suez (As-Suways)
39.5%
POPULA. CITY % Correct
332,608Simferopol
39.4%
270,726Stoke-on-Trent
39.1%
1,180,570Srinagar
38.3%
1,251,549Saitama
36.3%
272,801Sfax (Safaqis)
34.4%
1,520,481Semarang
34.2%
761,700San Luis Potosí
32.8%
551,056Salta
32%
641,900San Pedro Sula
31.6%
541,330Samsun
31.4%
1,209,169Suwon
31.3%
425,853Stavropol
31.2%
285,912San Fernando
30.3%
762,200Saltillo
29.6%
278,700San Cristóbal
28.5%
1,037,320São Gonçalo
27.8%
900,000Sharjah
27.8%
513,322Surrey
27.8%
302,285Saransk
27.8%
466,300Santa Marta
26.9%
248,890San Pablo
25.7%
460,620São João de Meriti
24.6%
710,210Santo André
23.1%
803,260São Bernardo (do Campo)
22.6%
237,709San Bernardo
22.5%
319,532Sivas
22.4%
840,016Sakai
21.8%
683,272Symkent (Shymkent)
21.7%
563,861Sokoto
21.1%
951,558Solapur (Sholapur)
20.9%
706,553Shizuoka
20.8%
614,900Soledad
20.3%
268,874Sumy
20.2%
354,870São Vicente
20%
284,877Sib (Seeb) (As Sib) (Al) (As) Seeb
19.9%
638,360Sorocaba
19.6%
306,675Surgut
19.5%
482,040Serra
19.3%
296,417Sari
18.6%
308,508Safi
18.5%
1,725,726Shaoxing
18.5%
992,215Seongnam (Songnam)
18.2%
685,859Samarinda
17.8%
674,590São José dos Campos
17.8%
561,465Sanliurfa
17.3%
722,931Sagamihara
17.2%
499,337Surakarta
17.1%
250,600San Lorenzo
17.1%
281,600(Ciudad) Santa Catarina
16.6%
428,484(Kota) Serang
16.5%
1,025,569Shubra el-Kheima
16.4%
447,300San Nicolás (de los Garzas)
16%
453,819Sanya
15.4%
278,678Sterlitamak
14.7%
315,019San Miguelito
14.7%
393,173Suizhou
14.6%
415,700Sao Jose do Rio Preto
14.6%
545,646Sialkot
14.6%
345,674Shengzhou
13.1%
505,300Soacha
13%
242,718Syktyvkar
13%
454,553San Jose del Monte
12.6%
400,148Sukkur
11.5%
479,837Sylhet
11.5%
705,478Saharanpur
11.3%
513,264Siliguri
11.1%
237,233Shakhty
11.1%
POPULA. CITY % Correct
403,316South Dumdum
11.1%
726,267Shaoguan
11%
593,464Sargodha
11%
270,943Shimonoseki
10.8%
509,107Siping
10.3%
267,100Sao Jose dos Pinhais
10.3%
246,011Sōka
10.2%
252,127Sétif (Stif)
9.9%
723,170Sulaymaniyah
9.7%
241,403Soyapango
9.5%
262,820Sumaré
9.4%
445,205Sekondi (-Takoradi)
9.4%
257,700Sincelejo
8.9%
724,016Shiyan
8.8%
574,527Shaoyang
8.8%
312,065Semey
8.4%
469,969Shishi
8.1%
275,240Suzano (Susano)
7.6%
297,600Sumqayit
7.5%
280,222Satna
7.4%
362,808Sheikhupura
7.3%
502,793Sangli (-Miraj-Kupwad)
7%
783,376Suqian
6.9%
549,826Suining
6.8%
281,100Soledad de Graciano Sánchez
6.6%
424,622Siheung
6.6%
254,901Sasebo
6.6%
618,549Shangqiu
6.5%
728,063Soshanguve
6.4%
314,440Shah Alam
6.1%
276,791Sandakan
5.8%
334,031Sinuiju
5.8%
365,904Suita
5.8%
285,153Sanmenxia
5.7%
447,183Subang Jaya (Cyberjaya)
5.4%
328,766Sanming
5.2%
298,975Shangrao
4.9%
237,532Sikar
4.9%
278,899Suncheon (Sunch’on)
4.8%
273,296Sagar
4.7%
381,566Shuozhou
4.6%
464,999Songyuan
4.5%
298,681Sukabumi
4.4%
364,225Suihua
4.3%
290,709Seremban
4.3%
271,434Sariwon
4.3%
370,608Shanwei
4.2%
386,902Sanhe
4.1%
373,987Sanandaj
4.1%
403,901Shizuishan
3.9%
270,269Sahiwal
3.8%
795,123Shuangliu
3.8%
481,110Shuangyashan
3.7%
329,736Shahjahanpur
3.5%
278,149Sonipat
3.5%
313,768Shihezi
3.1%
355,709Sihui
3.1%
286,008Savar
2.3%
269,699Shangzhi
2.3%
322,650Shimoga
2%
250,738Sunch'on
2%
244,898Shuangcheng
1.6%
254,850Shulan
1.6%
476,274Shouguang
1.6%
271,514Songzi
1.5%
249,473Shahriar
1.4%

You're not logged in!

Compare scores with friends on all Sporcle quizzes.
OR
Log In

You Might Also Like...

Show Comments

Extras

Top Quizzes Today


Score Distribution

Your Account Isn't Verified!

In order to create a playlist on Sporcle, you need to verify the email address you used during registration. Go to your Sporcle Settings to finish the process.

Report this User

Report this user for behavior that violates our Community Guidelines.

Details: